New directions for nurses / (Record no. 13157)
[ view plain ]
| 000 -LEADER | |
|---|---|
| fixed length control field | 00950cam a2200289 4500 |
| 001 - CONTROL NUMBER | |
| control field | 13157 |
| 003 - CONTROL NUMBER IDENTIFIER | |
| rucl marc code | BD-RjUL |
| 005 - DATE AND TIME OF LATEST TRANSACTION | |
| control field | 20211208235420.0 |
| 008 - FIXED-LENGTH DATA ELEMENTS--GENERAL INFORMATION | |
| fixed length control field | 140130s1971 nyu b 001 0 eng d |
| 020 ## - INTERNATIONAL STANDARD BOOK NUMBER | |
| International Standard Book Number | 0826111319 |
| 035 ## - SYSTEM CONTROL NUMBER | |
| System control number | (BD-RjUL)13208 |
| 040 ## - CATALOGING SOURCE | |
| Original cataloging agency | DLC |
| Transcribing agency | DLC |
| Modifying agency | DLC |
| -- | (BD-RjUL) |
| Language of cataloging | eng |
| 041 ## - LANGUAGE CODE | |
| Language code of text/sound track or separate title | eng |
| 082 00 - DEWEY DECIMAL CLASSIFICATION NUMBER | |
| Classification number | 610.7308 |
| Author mark and year | BUN 1971 |
| 100 1# - MAIN ENTRY--PERSONAL NAME | |
| Personal name | Bullough, Bonnie, |
| 9 (RLIN) | 40974 |
| 245 10 - TITLE STATEMENT | |
| Title | New directions for nurses / |
| Statement of responsibility, etc. | Bonnie Bullough [and] Vern Bullough, editors. |
| 260 ## - PUBLICATION, DISTRIBUTION, ETC. (IMPRINT) | |
| Place of publication, distribution, etc. | New York : |
| Name of publisher, distributor, etc. | Springer Pub. Co., |
| Date of publication, distribution, etc. | c1971 |
| 300 ## - PHYSICAL DESCRIPTION | |
| Pagination | x, 355 p. ; |
| Size | 21 cm. |
| 500 ## - GENERAL NOTE | |
| General note | Continues the compilers' Issues in nursing. |
| General note | Continued by Expanding horizons for nurses, edited by Bonnie Bullough and Vern Bullough. |
| 504 ## - BIBLIOGRAPHY, ETC. NOTE | |
| Bibliography, etc | Includes bibliographical references and Index |
| 650 #0 - SUBJECT ADDED ENTRY--TOPICAL TERM | |
| Topical term or geographic name as entry element | Nursing. |
| 9 (RLIN) | 40975 |
| 700 1# - ADDED ENTRY--PERSONAL NAME | |
| Personal name | Bullough, Vern L., |
| Relator term | joint comp. |
| 942 ## - ADDED ENTRY ELEMENTS (KOHA) | |
| Source of classification or shelving scheme | Dewey Decimal Classification |
| Koha item type | Books |
| Lost status | Source of classification or shelving scheme | Damaged status | Not for loan | Collection code | Permanent Location | Current Location | Shelving location | Date acquired | Source of acquisition | Total Checkouts | Full call number | Date last seen | Copy number | Koha item type |
|---|---|---|---|---|---|---|---|---|---|---|---|---|---|---|
| Dewey Decimal Classification | Not For Loan | Non-fiction | Central Library, University of Rajshahi | Central Library, University of Rajshahi | Reading Room | 29/01/1991 | Gift | 610.7308 BUN 1971 | 30/01/2014 | C-1 | Books |